MARC

LEADER 00000cab a2200000 a 4500
001 vtls010470158
003 SK-MaSNL
005 20260305023725.0
008 121116c2012 xo wr p 000 b0slo
015 |a SNBRA2012/11 
038 |a SVKPOCL 
040 |a SVKPOCL  |b slo  |c SVKPOCL  |e AACR2 
041 0 |a slo 
044 |a xo  |c SK 
080 |a 81'1  |2 2001 
080 |a 80(=16)+908(4)  |2 2001 
080 |a (048.8)  |2 2001 
080 |a 005.745  |2 2001 
080 |a 811.161.2  |2 2001 
080 |a 81'25  |2 2001 
080 |a 371.671:378  |2 2001 
080 |a 378  |2 2001 
100 1 |a Čižmárová, Mária,  |d 1959-  |4 aut  |9 92257 
245 1 0 |a Aktualizácia prístupu k vyučovaniu ukrajinského jazyka  |c Mária Čižmárová 
300 |b Tab. 
504 |a Bibliogr. odkazy 
504 |a Obsahuje anotáciu v slovenčine a ukrajinčine a klúčové slová 
610 2 7 |a Prešovská univerzita v Prešove.  |b Filozofická fakulta  |2 svkpocl  |9 179573 
611 2 7 |a Slovensko-ukrajinské vzťahy v oblasti jazyka, literatúry a kultúry  |g konferencia  |d (2011 :  |c Prešov, Slovensko)  |2 svkpocl  |9 1105522 
648 7 |a 13.9.2011  |2 svkpocl  |9 1105523 
650 0 7 |a lingvistika  |2 svkpocl  |9 860 
650 0 7 |a ukrajinčina  |2 svkpocl  |9 1347 
650 0 7 |a slavistika  |2 svkpocl  |9 4282 
650 0 7 |a konferencie  |2 svkpocl  |9 19221 
650 0 7 |a prekladateľstvo  |2 svkpocl  |9 3499 
650 0 7 |a tlmočenie  |2 svkpocl  |9 19534 
650 0 7 |a učebnice vysokých škôl  |2 svkpocl  |9 87388 
650 0 7 |a vysoké školy  |2 svkpocl  |9 1277 
650 0 7 |a študijné programy  |2 svkpocl  |9 75147 
651 7 |a Prešov (Slovensko)  |2 svkpocl  |9 17347 
655 7 |a štúdie  |2 svkpocl  |9 57033 
773 0 |a Kredátusová, Jarmila (ed), 1972-  |t Slovensko-ukrajinské vzťahy v oblasti jazyka, literatúry a kultúry  |d Prjašiv : Filozofická fakulta Prešovskej univerzity, 2012  |g S. 170-182  |z 9788055505497 
852 |a SVKPO  |b KIS3GCP 
958 |a UK 
958 |a SK 
958 |a SS 
958 |a NB 
999 |c 3298708  |d 3300638